000 00527nam a2200205 a 4500
001 BRCA_6265
005 20190320205406.0
008 290711s1937----mx-#######---#000-0#eng-#
041 _aeng
044 _amx
050 4 _aF1234
_b.B48 1937
100 1 _aBeteta, Ramon
_912948
245 1 0 _aThe Mexican Revolution
_ba defense
_cRamon Beteta.
260 _aMéxico
_bDAPP
_c1937
300 _ax, 89 p.
_c24 cm.
500 _aC9
651 4 _aMéxico
_xHistoria
_yRevolución, 1910-1917
_915724
902 _aGFM
942 _2lcc
_cB
999 _c5952
_d5952